Zohra Segal 'fatty' / (Record no. 66726)
[ view plain ]
| 000 -LEADER | |
|---|---|
| fixed length control field | 00714nam a22002177a 4500 |
| 005 - DATE AND TIME OF LATEST TRANSACTION | |
| control field | 20130926173305.0 |
| 010 ## - LCCN (DPL NO) | |
| LC control number | ENG-105292 |
| 020 ## - INTERNATIONAL STANDARD BOOK NUMBER | |
| International Standard Book Number | 9789381523353 |
| Terms of availability | 1250.00 |
| 035 ## - SYSTEM CONTROL NUMBER | |
| System control number | EN-88825 |
| 035 ## - SYSTEM CONTROL NUMBER | |
| System control number | B-492180-185 |
| 037 ## - SOURCE OF ACQUISITION | |
| Source of stock number/acquisition | DBAD/PUB |
| 037 ## - SOURCE OF ACQUISITION | |
| Source of stock number/acquisition | Virtuous Pub/Ven |
| 082 ## - DEWEY DECIMAL CLASSIFICATION NUMBER | |
| Classification number | 792.028092 |
| 100 ## - MAIN ENTRY--PERSONAL NAME | |
| Personal name | Segal, Kiran |
| 245 ## - TITLE STATEMENT | |
| Title | Zohra Segal 'fatty' / |
| Statement of responsibility, etc | by Kiran Segal |
| 260 ## - PUBLICATION, DISTRIBUTION, ETC. (IMPRINT) | |
| Place of publication, distribution, etc | New Delhi |
| Name of publisher, distributor, etc | Niyogi Books |
| Date of publication, distribution, etc | 2012 |
| 270 ## - ADDRESS | |
| Address | D-78, Okhla Industrial Area, Phase-I |
| City | New Delhi |
| Postal code | 110020 |
| 300 ## - PHYSICAL DESCRIPTION | |
| Extent | 167p. : |
| Dimensions | 27cm(Hb) |
| Other physical details | col.ill. |
| 942 ## - ADDED ENTRY ELEMENTS (KOHA) | |
| Source of classification or shelving scheme | Dewey Decimal Classification |
| Item type | English Books |
| Classification part | 792.028092 |
| Call number suffix | SEG |
| Withdrawn status | Lost status | Not for loan | Collection code | Home library | Current library | Date acquired | Source of acquisition | Cost, normal purchase price | Full call number | Barcode | Copy number | Cost, replacement price | Koha item type |
|---|---|---|---|---|---|---|---|---|---|---|---|---|---|
| Not For Loan | Reference | Central Library | Central Library | 26/09/2013 | Virtuous Pub/IN 1304/17.01.13/130/18.12.12/23.01.13 | 1250.00 | 792.028092 SEG | B-492180 | 1 | 1250.00 | English Books | ||
| Not For Loan | Non-fiction | D.B.Act.Division | D.B.Act.Division | 16/05/2012 | DBAD/PUB | 1250.00 | 792.028092 SEG | EN-88825 | 1 | 1250.00 | English Books | ||
| Not For Loan | Reference | Janak Puri | Janak Puri | 26/09/2013 | Virtuous Pub/IN 1304/17.01.13/130/18.12.12/23.01.13 | 1250.00 | 792.028092 SEG | B-492182 | 1 | 1250.00 | English Books | ||
| Not For Loan | Reference | Narela | Narela | 26/09/2013 | Virtuous Pub/IN 1304/17.01.13/130/18.12.12/23.01.13 | 1250.00 | 792.028092 SEG | B-492184 | 1 | 1250.00 | English Books | ||
| Not For Loan | Reference | Patel Nagar | Patel Nagar | 26/09/2013 | Virtuous Pub/IN 1304/17.01.13/130/18.12.12/23.01.13 | 1250.00 | 792.028092 SEG | B-492181 | 1 | 1250.00 | English Books | ||
| Reference | Sarojini Nagar | Sarojini Nagar | 26/09/2013 | Virtuous Pub/IN 1304/17.01.13/130/18.12.12/23.01.13 | 1250.00 | 792.028092 SEG | B-492183 | 1 | 1250.00 | English Books | |||
| Not For Loan | Reference | Shahdara Branch | Shahdara Branch | 26/09/2013 | Virtuous Pub/IN 1304/17.01.13/130/18.12.12/23.01.13 | 1250.00 | 792.028092 SEG | B-492185 | 1 | 1250.00 | English Books |
